000 00312nam a22001457a 4500
008 210428b ||||| |||| 00| 0 eng d
020 _a0721625622
041 _aeng
080 _a573
082 _a573
100 _a11
101 _aBIO
245 _aContemporary Biology
_cJohn A. Chisler
942 _2udc
_cBK
999 _c56901
_d56901